| 000 | 00592nam a2200181Ia 4500 | ||
|---|---|---|---|
| 008 | 090123s9999 xx 000 0 und d | ||
| 082 |
_b14660 _a891.463/पाध्ये |
||
| 100 | _aपाध्ये भाऊ | ||
| 245 | _aवॉर्ड नं.7सर्जिकल | ||
| 250 | _a1 | ||
| 260 | _bडिंपल प्रकाशन | ||
| 300 | _a122 | ||
| 600 | _aपाध्ये भाऊ | ||
| 630 | _aवॉर्ड नं.7सर्जिकल | ||
| 700 | _aपाध्ये भाऊ | ||
| 730 | _aवॉर्ड नं.7सर्जिकल | ||
| 942 | _cBOOK | ||
| 999 |
_c52721 _d52721 |
||